00435nam a2200157Ia 450000100060000000800410000602000150004704000130006208200210007510000220009624500700011826000460018830000110023454600070024565000250025268437150918s9999 xx 000 0 und d a0816015775 cPK-LaUMT aRCC 423.1bMIL-C aMiller, Stuart W. aConcise dictionary of acronyms and initialismscMiller, Stuart W. aNew York,USA:bFacts on File, File,c1988 a175 p. aEN aAcronym-Dictionaries